01003nam a2200277 u 4500001001000000003000900010005001700019007000300036008004100039020001500080040002500095082002100120245013300141260003400274300002100308490002700329500005300356534010300409650002300512650003400535650004200569700002900611700002800640700003000668830002700698000003558DO-SdBNP20220901095849.0ta090710s1998 sp r 000 0 spa d a8449305519 aDO-SdBNPbspacBNPHU 4a371.5bC965d22200aUna cuestión de disciplina :bpedagogía y poder en los estudios culturales /ccompiladores Joyce E. Canaan y Debbie Epstein  aBarcelona :bPaidós,c1998. a270 p. ;c22 cm.1 aPaidós educadorv133 aIncluye sumario y notas al pie de las páginas aTítulo original: A question of discipline. Pedagogy, power, and the teaching of cultural studies 4aDisciplina escolar 4aCulturaxEnseñanza superior 4aCultura popularxEnseñanza superior1 aCanaan, Joyce E.,ccomp.1 aEpstein, Debbie,ccomp.1 aPardo Riaño, Cruz,ctr. 0aPaidós educadorn133